000
00305pam a2200133 a 4500
020
_c
041
_a
eng
082
_a
660.62
_b
NEI
100
_a
Neil I.Morgan.
245
_a
Industrial Microbiology
_h
Textual Documents
260
_a
[s.l]:
_b
Blackwell Science
700
_a
John S.Rockey.
930
_a
14032
999
_c
90933
_d
90933